00799nam a2200217Ia 4500003000900000008004100009040001600050080002600066110003300092245013900125260005000264300000900314500001900323650002200342650003200364650001800396650002100414942000700435999001500442952012400457IN-BaIIA211028s9999 xx 000 0 eng d cIIA Library a083.7:669.14-423bISI aIndian Standards Institution 0aIndian standard code of practice for corrosion protection of light gauge steel sections used in buildingcIndian Standards Institution aNew DelhibIndian Standards Institutionc1968 a13p. aIS 4180 : 1967 a Buildings98852 a Light Gauge Steel 99173 a Standards  aNASA Thesaurus  cBK c5184d5184 00104070aBANbBANcGENd1976-12-22g7.00l0o083.7:669.14-423/ ISIp5788r2021-11-05v7.00w1976-12-22yBKGRs. 7.00